Organizaciones obreras cristianas en la oposición al franquismo (1951-1975) (Record no. 57524)

MARC details
000 -LEADER
campo de control de longitud fija 00966nam a2200241 i 4500
001 - NÚMERO DE CONTROL
campo de control 57524
003 - IDENTIFICADOR DE NÚMERO DE CONTROL
campo de control ES-MaACL
005 - FECHA Y HORA DE LA ÚLTIMA TRANSACCIÓN
campo de control 20251115063235.0
007 - CAMPO FIJO DE DESCRIPCIÓN FÍSICA--INFORMACIÓN GENERAL
campo de control de longitud fija t|
008 - DATOS DE LONGITUD FIJA--INFORMACIÓN GENERAL
campo de control de longitud fija 031016s1985 sp ||||1| spa d
020 ## - NÚMERO INTERNACIONAL ESTÁNDAR DEL LIBRO
Número Internacional Estándar del Libro 84-271-1431-1
100 1# - ENTRADA PRINCIPAL--NOMBRE DE PERSONA
Nombre de persona Domínguez, Javier,
Fechas asociadas al nombre 1929-
9 (RLIN) 152738
245 10 - MENCIÓN DEL TÍTULO
Título Organizaciones obreras cristianas en la oposición al franquismo (1951-1975)
Resto del título : con 65 documentos clandestinos e inéditos /
Mención de responsabilidad, etc. Javier Domínguez, S.J.
260 ## - PUBLICACIÓN, DISTRIBUCIÓN, ETC.
Lugar de publicación, distribución, etc. Bilbao :
Nombre del editor, distribuidor, etc. Mensajero,
Fecha de publicación, distribución, etc. [1985]
300 ## - DESCRIPCIÓN FÍSICA
Extensión 479 p. ;
Dimensiones 23 cm.
490 1# - MENCIÓN DE SERIE
Mención de serie Colección realizarse. Biblioteca educación y acción social
650 #4 - PUNTO DE ACCESO ADICIONAL DE MATERIA--TÉRMINO DE MATERIA
Término de materia o nombre geográfico como elemento de entrada Sindicatos católicos-
Subdivisión geográfica España.
9 (RLIN) 144646
651 #4 - PUNTO DE ACCESO ADICIONAL DE MATERIA--NOMBRE GEOGRÁFICO
Nombre geográfico España-
Subdivisión general Historia-
Subdivisión cronológica 1939-1975, Dictadura.
9 (RLIN) 167928
651 #4 - PUNTO DE ACCESO ADICIONAL DE MATERIA--NOMBRE GEOGRÁFICO
Nombre geográfico España-
Subdivisión general Historia eclesiástica-
Subdivisión cronológica 1939-1975.
9 (RLIN) 156782
830 0# - PUNTO DE ACCESO ADICIONAL DE SERIE-TÍTULO UNIFORME
Título uniforme Colección realizarse. Biblioteca educación y acción social
9 (RLIN) 230437
852 ## - LOCALIZACIÓN
Ubicación ES-MaACL
Número de control de estantería L-10631
Sublocalización o colección R.111581
Holdings
Estatus retirado Estado de pérdida Estado de daño No para préstamo Biblioteca de origen Biblioteca actual Ubicación en estantería Fecha de adquisición Fuente de adquisición Total de préstamos Signatura topográfica completa Código de barras Visto por última vez Precio de reemplazo Tipo de ítem Koha
        Biblioteca del Ateneo de Madrid Biblioteca del Ateneo de Madrid Depósito 2 17/01/2008     L-10631 1060387 23/02/2023 23/02/2023 Libro impreso